<?xml version="1.0" encoding="UTF-8"?>
<record
    xmlns:xsi="http://www.w3.org/2001/XMLSchema-instance"
    xsi:schemaLocation="http://www.loc.gov/MARC21/slim http://www.loc.gov/standards/marcxml/schema/MARC21slim.xsd"
    xmlns="http://www.loc.gov/MARC21/slim">

  <leader>00868nac a22002051u 4500</leader>
  <controlfield tag="008">101005s1972    xxu||||| |||| 00| 0 ara d</controlfield>
  <datafield tag="082" ind1=" " ind2=" ">
    <subfield code="a">297.12203</subfield>
  </datafield>
  <datafield tag="110" ind1=" " ind2=" ">
    <subfield code="a">Mogama Al Logha Al Arabeya</subfield>
    <subfield code="9">20071</subfield>
  </datafield>
  <datafield tag="245" ind1=" " ind2=" ">
    <subfield code="a">&#x645;&#x639;&#x62C;&#x645; &#x623;&#x644;&#x641;&#x627;&#x638; &#x627;&#x644;&#x642;&#x631;&#x622;&#x646; &#x627;&#x644;&#x643;&#x631;&#x64A;&#x645; : ( vol. 1)</subfield>
    <subfield code="c">Mogama Al Logha Al Arabeya</subfield>
    <subfield code="n">1</subfield>
  </datafield>
  <datafield tag="260" ind1=" " ind2=" ">
    <subfield code="a">&#x627;&#x644;&#x642;&#x627;&#x647;&#x631;&#x629; :</subfield>
    <subfield code="b">&#x627;&#x644;&#x647;&#x64A;&#x626;&#x629; &#x627;&#x644;&#x645;&#x635;&#x631;&#x64A;&#x629; &#x627;&#x644;&#x639;&#x627;&#x645;&#x629; &#x644;&#x644;&#x643;&#x62A;&#x627;&#x628; &#x60C;</subfield>
    <subfield code="c">1972.</subfield>
  </datafield>
  <datafield tag="300" ind1="3" ind2=" ">
    <subfield code="c">30 &#x633;&#x645;.</subfield>
    <subfield code="a">392 &#x635; &#x61B;</subfield>
  </datafield>
  <datafield tag="490" ind1=" " ind2=" ">
    <subfield code="9">20070</subfield>
    <subfield code="a">&#x627;&#x644;&#x62A;&#x631;&#x627;&#x62B; &#x644;&#x644;&#x62C;&#x645;&#x64A;&#x639;</subfield>
    <subfield code="n">5</subfield>
  </datafield>
  <datafield tag="500" ind1=" " ind2=" ">
    <subfield code="a">Donations</subfield>
  </datafield>
  <datafield tag="500" ind1=" " ind2=" ">
    <subfield code="a">Donations - Bibliotheca Alexandrina</subfield>
  </datafield>
  <datafield tag="511" ind1=" " ind2=" ">
    <subfield code="a">Catalogued by: Sara</subfield>
  </datafield>
  <datafield tag="650" ind1=" " ind2=" ">
    <subfield code="a">&#x627;&#x644;&#x642;&#x631;&#x622;&#x646;</subfield>
    <subfield code="9">8721</subfield>
    <subfield code="v">&#x645;&#x639;&#x627;&#x62C;&#x645;</subfield>
  </datafield>
  <datafield tag="650" ind1=" " ind2=" ">
    <subfield code="a">&#x627;&#x644;&#x642;&#x631;&#x622;&#x646;</subfield>
    <subfield code="9">14883</subfield>
    <subfield code="x">&#x623;&#x644;&#x641;&#x627;&#x638;</subfield>
  </datafield>
  <datafield tag="942" ind1=" " ind2=" ">
    <subfield code="c">BB</subfield>
    <subfield code="k">297.12203</subfield>
    <subfield code="2">ddc</subfield>
  </datafield>
  <datafield tag="999" ind1=" " ind2=" ">
    <subfield code="c">6642</subfield>
    <subfield code="d">6642</subfield>
  </datafield>
  <datafield tag="952" ind1=" " ind2=" ">
    <subfield code="0">0</subfield>
    <subfield code="1">0</subfield>
    <subfield code="2">ddc</subfield>
    <subfield code="4">0</subfield>
    <subfield code="7">0</subfield>
    <subfield code="a">MAIN</subfield>
    <subfield code="b">MAIN</subfield>
    <subfield code="c">LOW</subfield>
    <subfield code="d">2007-11-28</subfield>
    <subfield code="e">Purchase</subfield>
    <subfield code="o">297.12203 MOG</subfield>
    <subfield code="p">000008105</subfield>
    <subfield code="r">2011-07-01 00:00:00</subfield>
    <subfield code="y">BB</subfield>
  </datafield>
</record>
